000 01244nam a2200349 a 4500
001 000113480
003 CHAP
005 20220329144356.0
008 170724s2016 mx sm |||||||spa d
010 _a109941
011 _a110913
040 _cCHAP
090 _aTesis
100 1 _aAlmaráz Mendoza, Erubiel
_9132794
245 1 0 _aConservación y uso sustentable de suelo y agua Santiago Tepetitlán San Martín de las Pirámides Estado de México
_h[En línea]
_cpor Erubiel Almáraz Mendoza.
260 _aChapingo, Méx. :
_bEl autor,
_c2016.
500 _aPara ver el contenido del material haga clic en la liga
502 _aTesis (Ing. en Irrigación) -- UACH. Departamento de Irrigación
590 _aBATCH
_b00
_c20181121
_lUCH01
_h0758
590 _aE5765TAJ
_b05
_c20170724
_lUCH01
_h0928
590 _aE5765TAJ
_b05
_c20170724
_lUCH01
_h0928
650 1 4 _aAgua
_xAlmacenamiento.
_92279
650 1 4 _aIrrigación
_xProyectos.
_960443
650 1 4 _aOlivo
_xCultivo.
_9132795
650 1 4 _aPresas
_xMéxico (Edo.)
_991495
650 1 4 _aSuelos
_xConservación.
_9110283
856 _a1
_n0000217
856 _aFinding aid
_uhttp://10.13.5.2/tesis/sist113480.pdf
_zTeclea aquí
901 _aBK
942 _cTESIS
942 _n0
999 _c109941
_d109941